Catálogo - Centro de Recursos para el Aprendizaje y la Investigación
Volver al Sitio - CRAI Biblioteca| 000 -CABECERA | |
|---|---|
| campo de control de longitud fija | 02140nam a2200313 4500 |
| 001 - NÚMERO DE CONTROL | |
| campo de control | 113463 |
| 003 - IDENTIFICADOR DEL NÚMERO DE CONTROL | |
| campo de control | DR-UNIBE |
| 005 - FECHA Y HORA DE LA ÚLTIMA TRANSACCIÓN | |
| campo de control | 20250428140620.0 |
| 008 - DATOS DE LONGITUD FIJA--INFORMACIÓN GENERAL | |
| campo de control de longitud fija | 250421b2023 dr ||||| |||| 00| 0 spa d |
| 020 ## - NÚMERO INTERNACIONAL ESTÁNDAR DEL LIBRO | |
| Número Internacional Estándar del Libro | 9789945250848 |
| 040 ## - FUENTE DE LA CATALOGACIÓN | |
| Centro catalogador/agencia de origen | BIBLIOTECA UNIBE |
| Centro/agencia transcriptor | BIBLIOTECA UNIBE |
| Lengua de catalogación | spa |
| Normas de descripción | rda |
| 041 ## - CÓDIGO DE LENGUA | |
| Código de lengua del texto/banda sonora o título independiente | spa |
| 082 ## - NÚMERO DE LA CLASIFICACIÓN DECIMAL DEWEY | |
| Número de edición | 22 |
| Número de clasificación | RD 339.4707293 S232c |
| 100 10 - ENTRADA PRINCIPAL--NOMBRE DE PERSONA | |
| Nombre de persona | Santana López, Isidoro |
| Término indicativo de función/relación | autor |
| 9 (RLIN) | 56113 |
| 245 10 - MENCIÓN DE TÍTULO | |
| Título | Consumo familiar, desafíos fiscales y la economía en un mundo convulso / |
| Mención de responsabilidad, etc. | Isidoro Santana ; cuidado de edición: Aimara Vera ; diseño y diagramación: Pia Menicucci & Asociados : fotografía de cubierta: Andrzej Rostek, Stockphoto |
| 260 ## - PUBLICACIÓN, DISTRIBUCIÓN, ETC. | |
| Lugar de publicación, distribución, etc. | Santo Domingo : |
| Nombre del editor, distribuidor, etc. | Archivo General de la Nación (AGN), |
| Fecha de publicación, distribución, etc. | 2023 |
| 300 ## - DESCRIPCIÓN FÍSICA | |
| Extensión | 282 páginas : |
| Otras características físicas | gráficos a color ; |
| Dimensiones | 22 x 15 cm |
| 490 ## - MENCIÓN DE SERIE | |
| Mención de serie | Archivo General de la Nación ; |
| Designación de volumen o secuencia | 502 |
| 500 ## - NOTA GENERAL | |
| Nota general | Información del autor en las solapas |
| 505 ## - NOTA DE CONTENIDO CON FORMATO | |
| Nota de contenido con formato | Prólogo |<br/>Parte I. La canasta de consumo de los hogares dominicanos, su evolución histórica y posibles cambios derivados de la pandemia COVID-19 |<br/>Parte II. Los grandes desafíos de la economía dominicana |<br/>Parte III. ¿Quién va a pagar la cuneta de la seguridad social? |<br/>Parte IV. ¿Por qué las sociedades gastan más que antes en bienes públicos? |<br/>Parte V. El contrato social dominicano |<br/>Parte VI. La economía en un mundo convulso |<br/>Parte VII. Desencuentros de la Union Europea con América Latina |<br/>Parte VIII. Haití y la República Dominicana |<br/>Parte IX. Presentación de la Segunda Encuesta Nacional de Inmigrantes (ENI-2017) |<br/>Parte X. La sobrevaluación del peso dominicano y la enfermedad holandesa de la economía |<br/>Bibliografía |
| 650 #7 - PUNTO DE ACCESO ADICIONAL DE MATERIA--TÉRMINO DE MATERIA | |
| Fuente del encabezamiento o término | lemb |
| Término de materia o nombre geográfico como elemento de entrada | Costos y nivel de vida |
| Subdivisión general | Gastos (consumo) |
| 9 (RLIN) | 194623 |
| 650 #7 - PUNTO DE ACCESO ADICIONAL DE MATERIA--TÉRMINO DE MATERIA | |
| Fuente del encabezamiento o término | lemb |
| Término de materia o nombre geográfico como elemento de entrada | Presupuesto familiar |
| Subdivisión general | Gastos (cosumo) |
| 9 (RLIN) | 194624 |
| 650 #7 - PUNTO DE ACCESO ADICIONAL DE MATERIA--TÉRMINO DE MATERIA | |
| Término de materia o nombre geográfico como elemento de entrada | Economía |
| Subdivisión geográfica | República Dominicana |
| 9 (RLIN) | 1462 |
| 700 10 - PUNTO DE ACCESO ADICIONAL--NOMBRE DE PERSONA | |
| Nombre de persona | Vera Riverón, Aimara |
| 9 (RLIN) | 99221 |
| Término indicativo de función/relación | editor |
| 700 10 - PUNTO DE ACCESO ADICIONAL--NOMBRE DE PERSONA | |
| Nombre de persona | Menicucci, Pia & Asociados |
| 9 (RLIN) | 194426 |
| Término indicativo de función/relación | diseñador |
| -- | diagramador |
| 700 10 - PUNTO DE ACCESO ADICIONAL--NOMBRE DE PERSONA | |
| Nombre de persona | Rostek, Andrzej |
| 9 (RLIN) | 194427 |
| Término indicativo de función/relación | fotógrafo de cubierta |
| 710 #0 - PUNTO DE ACCESO ADICIONAL--NOMBRE DE ENTIDAD CORPORATIVA | |
| Nombre de entidad corporativa o nombre de jurisdicción como elemento de entrada | Stockphoto |
| Término indicativo de función/relación | fotografía de cubierta |
| 9 (RLIN) | 165298 |
| 942 ## - ELEMENTOS DE PUNTO DE ACCESO ADICIONAL (KOHA) | |
| Fuente del sistema de clasificación o colocación | Sistema de Clasificación Decimal Dewey |
| Tipo de ítem Koha | Libro (general) |
| Estado de retiro | Estado de pérdida | Fuente del sistema de clasificación o colocación | No para préstamo | Código de colección | Localización permanente | Fecha de adquisición | Total de préstamos | Signatura topográfica completa | Código de barras | Fecha visto por última vez | Número de copia | Precio válido a partir de | Tipo de ítem Koha |
|---|---|---|---|---|---|---|---|---|---|---|---|---|---|
| Disponible | Sistema de Clasificación Decimal Dewey | General - Libros dominicanos | Biblioteca Central UNIBE | 28/04/2025 | RD 339.4707293 S232c | 250456 | 21/04/2025 | Ej. 1 | 21/04/2025 | Libro (general) | |||
| Disponible | Sistema de Clasificación Decimal Dewey | General - Libros dominicanos | Biblioteca Central UNIBE | 28/04/2025 | RD 339.4707293 S232c | 250457 | 21/04/2025 | Ej. 2 | 21/04/2025 | Libro (general) |